Céline Dion - Paroles Dansons - Statistiques

Statistiques générales
  • Ce quiz a été pris 8 fois
  • Le résultat moyen est 81 sur 174
Statistiques - réponses
Hint Réponse % Correct
à
100%
a
100%
c'
100%
Couplet 1 | Couplet 2 | Outro Dansons,
100%
Dansons
100%
Refrain Dansons
100%
l'
100%
le
100%
ce
83%
les
83%
Les
83%
nous
83%
nous,
83%
qu'
83%
Que
83%
que
83%
au
67%
debout
67%
des
67%
monde
67%
pas,
67%
pour
67%
quand
67%
Sur
67%
sur
67%
valsons
67%
abîmes,
50%
aux
50%
cimes
50%
contre
50%
danser
50%
Flocons
50%
flocons
50%
front
50%
horizon
50%
il
50%
ne
50%
rien
50%
toi
50%
tous
50%
Tous
50%
tout
50%
un
50%
vacille
50%
violons
50%
vous
50%
y
50%
arêtes
33%
bal
33%
bas
33%
corps
33%
dessus
33%
est
33%
Et
33%
et
33%
fil,
33%
immobiles
33%
jouez
33%
milieu
33%
moi,
33%
nos
33%
Nos
33%
on
33%
oublier
33%
peines
33%
peut
33%
rond
33%
soir
33%
tourne
33%
Une
33%
une
33%
unisson,
33%
volons,
33%
bras
17%
doux
17%
droits
17%
emmêlés
17%
Envers
17%
étoiles
17%
être
17%
fige,
17%
Flottons,
17%
fonds,
17%
grands
17%
guident
17%
loi,
17%
mains
17%
ni
17%
nouées
17%
plus
17%
puisqu'
17%
quittons,
17%
rendez
17%
retienne,
17%
retienne
17%
sans
17%
se
17%
souffles
17%
Tournons
17%
vides
17%
visages,
17%
voix,
17%
Avant
0%
contrе
0%
doit,
0%
hostile
0%
idylle,
0%
île
0%
inutile
0%
inventons
0%
Malgré
0%
Parce
0%
parce
0%
puisque
0%
restеr
0%
univers
0%
vertiges
0%
Aucun quiz correspondant
Distribution des résultats
% des personnes avec chaque résultat
Percentile par nombre de réponses
Votre historique - résultats
Vous n’avez pas pris ce quiz